Sports Quiz

Random Sports or World Quiz

World Series Winning Pitchers 2000-2010 Quiz Stats

 Plays Quiz not verified by Sporcle

Score 0/58 Timer 10:00
0 Plays Today
Year Winning Pitcher % Correct
2010Tim Lincecum
96.2%
2010Tim Lincecum
96.2%
2009Andy Pettitte
94.3%
2009Andy Pettitte
94.3%
2003Andy Pettitte
94.3%
2008Cole Hamels
93.6%
2009Cliff Lee
92.8%
2009Cliff Lee
92.8%
2007Josh Beckett
92.8%
2003Josh Beckett
92.8%
2007Curt Schilling
92.5%
2004Curt Schilling
92.5%
2001Curt Schilling
92.5%
2001Randy Johnson
90.9%
2001Randy Johnson
90.9%
2001Randy Johnson
90.9%
2010Matt Cain
87.9%
2006Chris Carpenter
87.5%
2001Mariano Rivera
84.5%
2009AJ Burnett
83.8%
2001Roger Clemens
83.8%
2000Roger Clemens
83.8%
2004Pedro Martinez
74%
2007Jon Lester
73.2%
2002John Lackey
72.8%
2006Adam Wainwright
71.3%
2008James Shields
70.9%
2010Madison Bumgarner
67.9%
2003Mike Mussina
67.5%
Year Winning Pitcher % Correct
2010Colby Lewis
64.9%
2004Derek Lowe
61.1%
2005Freddy Garcia
60.4%
2006Kenny Rogers
58.9%
2002Jason Schmidt
58.1%
2008Joe Blanton
56.6%
2009Joba Chamberlain
54.7%
2007Daisuke Matsuzaka
53.2%
2006Jeff Weaver
51.3%
2005Jose Contreras
51.3%
2002Francisco Rodriguez
47.9%
2003Brad Penny
41.1%
2003Brad Penny
41.1%
2002Ramon Ortiz
38.9%
2004Keith Foulke
36.2%
2000Mike Stanton
30.2%
2000Mike Stanton
30.2%
2008J.C. Romero
24.9%
2008J.C. Romero
24.9%
2000Jeff Nelson
24.9%
2006Anthony Reyes
18.5%
2000John Franco
15.1%
2005Damaso Marte
14.3%
2002Brendan Donnelly
10.2%
2003Braden Looper
9.4%
2001Sterling Hitchcock
8.7%
2005Neal Cotts
8.3%
2002Tim Worrell
5.7%
2002Chad Zerbe
4.9%

You're not logged in!

Compare scores with friends on all Sporcle quizzes.
OR
Log In

Sporcle TV

Today on Sporcle TV


Watch our educational content, quiz creation guides, and fun videos on Sporcle TV.

Show Comments

Extras

Top Quizzes Today


Score Distribution

Your Account Isn't Verified!

In order to create a playlist on Sporcle, you need to verify the email address you used during registration. Go to your Sporcle Settings to finish the process.

Report this User

Report this user for behavior that violates our Community Guidelines.

Details: